Vybrané oblasti procesu radikální ekonomické reformy.
Aktuálna politika zamestnanosti a sociálna politika v trhovej ekonomike. Štruktúrna, najmä priemyselná politika štátu v roku 1990, obsahové zameranie štruktúrnej politiky štátu v r. 1991-1992. Vonkajšie aspekty reformného procesu (zahraničné pôžičky, zahraničné zdroje, zahraničná obchodná činnosť št...
Gespeichert in:
| Format: | Buchkapitel |
|---|---|
| Sprache: | Tschechisch |
| Schlagworte: | |
| Tags: |
Keine Tags, Fügen Sie das erste Tag hinzu!
|
MARC
| LEADER | 00000naa a2200000 4500 | ||
|---|---|---|---|
| 001 | r002965 | ||
| 005 | 20220819180028.1 | ||
| 041 | 0 | |a cze | |
| 044 | |a [CS] | ||
| 245 | 1 | 0 | |a Vybrané oblasti procesu radikální ekonomické reformy. |
| 520 | |a Aktuálna politika zamestnanosti a sociálna politika v trhovej ekonomike. Štruktúrna, najmä priemyselná politika štátu v roku 1990, obsahové zameranie štruktúrnej politiky štátu v r. 1991-1992. Vonkajšie aspekty reformného procesu (zahraničné pôžičky, zahraničné zdroje, zahraničná obchodná činnosť štátu a jej regulácia). Regionálne aspekty reformného procesu. Záverečná časť materiálu schváleného vládou ČSFR v máji 1990. | ||
| 610 | 2 | 0 | |a reformy hospodárske |
| 610 | 2 | 0 | |a zamestnanosť |
| 610 | 2 | 0 | |a politika sociálna |
| 610 | 2 | 0 | |a politika priemyselná |
| 610 | 2 | 0 | |a zmeny štruktúrne |
| 610 | 2 | 0 | |a ČSFR |
| 610 | 2 | 0 | |a 1990-1992 |
| 610 | 2 | 0 | |a vzťahy hospodárske vonkajšie |
| 610 | 2 | 0 | |a dokumenty vládne |